000
00312nam a22001337a 4500
008
170815b xxu||||| |||| 00| 0 eng d
020
_a
9780534385415
041
_a
eng
080
_2
4 ED
_a
51
100
_a
36
101
_a
MAT
245
_a
PRECALCULUS MATHEMATICS FOR CALCULUS
_c
REDLIN.L
942
_2
udc
_c
BK
999
_c
23517
_d
23517